Un quiz de rêve - Statistiques

Statistiques générales
  • Ce quiz a été pris 506 fois
  • Le résultat moyen est 11 sur 18
Statistiques - réponses
Description Réponse % Correct
Nom donné à un rêve à forte émotion négative (peur, anxiété, tristesse...) Cauchemar
94%
Concept selon lequel on peut réussir aux États-Unis avec du travail et de la détermination Rêve {américain}
83%
Long métrage Disney dans lequel les héros font un "rêve bleu" Aladdin
82%
Pasteur et militant américain qui prononça en 1963 le célèbre discours "I have a dream" ("Je fais un rêve") Martin Luther King, Jr.
82%
Rêve qui évoquerait une situation future dont le rêveur ignorait qu'elle pouvait se produire Rêve prémonitoire
82%
Objet d'origine amérindienne composé d'un cerceau et de fils, destiné à séparer lesbons rêves des mauvais Capteur de/Attrape rêves
80%
Film dans lequel Leonardo DiCaprio visite un rêve, dans un rêve, dans un rêve... Inception
70%
Psychanalyste, auteur de "L'Interprétation du rêve", publié en 1899 Sigmund Freud
70%
Phase du sommeil propice aux rêves Sommeil p{aradoxal}
70%
Roman de Lewis Caroll dans lequel une petite fille vit d'extraordinaires aventures...avant de se réveiller au pied d'un arbre Les Aventures d'Alice aupays des merveilles
69%
Poupée qui vit dans une "Maison de rêve" depuis 1962 Barbie
66%
Il publia la chanson "Au bout de mes rêves" en 1982 Jean-Jacques Goldman
65%
Dieu de la mythologie grecque, qui apporte le sommeil et les rêves aux humains Morphée
62%
Synonyme de rêve commençant par S, apparaissant notamment dans le titre d'une comédie de Shakespeare Songe
59%
Type de rêve durant lequel le rêveur a conscience d'être en train de rêver Rêve lucide
49%
Poète français qui signa 1866 le sonnet "Mon rêve familier", représentant la femme sous une forme idéalisée Paul Verlaine
20%
Rêve qui se produit de manière répétée, pouvant refléter des problèmes non résolus du rêveur Rêve récurrent
15%
Nom donné à l'art divinatoire utilisant les rêves {Onir}omancie
11%
Aucun quiz correspondant
Distribution des résultats
% des personnes avec chaque résultat
Percentile par nombre de réponses
Votre historique - résultats
Vous n’avez pas pris ce quiz